000 00927nmm a2200301 a 4500
001 ocm0001083783
003 TR-IsHL
005 20201028151740.0
008 150709s2009 tu tur
007 cr cn
020 _a9789944742122
035 _a1083783
_b(N$T)
050 0 4 _aBJ51
_b.B37 2009
090 0 4 _aBJ51
_b.B37 2009
100 1 _aBaştürk, Rabi
245 1 0 _aBilim ve ahlâk
_h[electronic resource] /
_cRabi Baştürk
260 _aİstanbul :
_bArı Sanat Yayınları,
_c2009
300 _a177 p.
500 _aKaynakça var.
_x
650 4 _aFelsefe, Psikoloji ve Din
650 4 _aPhilosophy, Psychology and Religion
650 0 _aAhlak
650 0 _aEthics
650 0 _aBilim ve Ahlak
650 0 _aScience and ethics
650 7 _aPHILOSOPHY / Ethics & Moral Philosophy
_2bisacsh
856 4 0 _uhttp://search.ebscohost.com/login.aspx?direct=true&scope=site&db=e011xww&AN=1083783
999 _c11167
_d11167